Obal tovaru v elektronickom predaji
Význam a rozsah elektronického predaja B2C prostredníctvom internetu. Podniková logistika a B2C. E-obaly z hľadiska elektronického predaja. Charakteristické znaky obalu pre e-shopping. Praktické formy e-obalu. Využívanie e-obalov v praxi.
Salvato in:
| Autore principale: | |
|---|---|
| Natura: | Capitolo di libro |
| Lingua: | slovacco |
| Soggetti: | |
| Tags: |
Nessun Tag, puoi essere il primo ad aggiungerne!!
|
MARC
| LEADER | 00000naa$a2200000$$$4500 | ||
|---|---|---|---|
| 001 | 0043203 | ||
| 005 | 20231006121531.3 | ||
| 041 | 0 | |a slo | |
| 044 | |a SK | ||
| 245 | 1 | 0 | |a Obal tovaru v elektronickom predaji |c Josef Kapoun |
| 520 | |a Význam a rozsah elektronického predaja B2C prostredníctvom internetu. Podniková logistika a B2C. E-obaly z hľadiska elektronického predaja. Charakteristické znaky obalu pre e-shopping. Praktické formy e-obalu. Využívanie e-obalov v praxi. | ||
| 610 | 2 | 0 | |a obchod elektronický |
| 610 | 2 | 0 | |a predaj |
| 610 | 2 | 0 | |a internet |
| 610 | 2 | 0 | |a logistika podniková |
| 610 | 2 | 0 | |a tovar |
| 610 | 2 | 0 | |a zákazníci |
| 610 | 2 | 0 | |a balenie |
| 610 | 2 | 0 | |a obaly |
| 610 | 2 | 0 | |a distribúcia |
| 610 | 2 | 0 | |a preprava |
| 100 | 1 | |a Kapoun, Josef | |